Ciencias de la naturaleza 6 : (Registro nro. 9890)

Detalles MARC
000 -LIDER
fixed length control field 01583nam a2200373 a 4500
001 - NÚMERO DE CONTROL
Identificador de número de control 0000323
003 - IDENTIFICACDOR DE NÚMERO DE CONTROL
control field DO-SdBNP
005 - DATE AND TIME OF LATEST TRANSACTION
control field 20180306101340.0
007 - CAMPOS FIJOS DE DESCRIPCIÓN FÍSICA
fixed length control field 0000323
008 - ELEMENTOS DE LONGITUD FIJA
fixed length control field 150130s2014 dr abc 000 0 spa d
020 ## - ISBN
International Standard Book Number 978994549502X
040 ## - FUENTE DE CATALOGACIÓN
Agencia que crea de manera original el registro BPMSU
Idioma de catalogación spa
Agencia que realiza la transcripción BPMSU
092 ## - LOCALLY ASSIGNED DEWEY DECIMAL CALL NUMBER
Número de clasificación 372.257
Número de ítem (Cutter) V335c, 6to. 2014
100 1# - ASIENTO PRINCIPAL -- NOMBRE PERSONAL
Nombre personal Vásquez Güichardo, Julia Mery
245 10 - MENCIÓN DE TITULO
Título Ciencias de la naturaleza 6 :
Subtítulo [educación básica] /
Mención de responsabilidad Julia Mery Vásquez Güichardo, Andrea Griselda Rincón Ozuna ; producción editorial María del Jesús de la Rosa ; ilustraciones Henry Cid
260 ## - PUBLICACIÓN, DISTRIBUCIÓN, ETC. (PIE DE IMPRENTA)
Lugar de publicación, distribución, etc Santo Domingo :
Nombre del editor, distribuidor, etc. Actualidad Escolar 2000,
Fecha de publicación, distribución, etc 2014.
300 ## - DESCRIPCIÓN FÍSICA
Extensión 2v. p. :
Otros detalles físicos il., retrs. ;
Dimensiones 28 cm.
500 ## - NOTA GENERAL
Nota general Edición revisada y actualizada al 2014.
500 ## - NOTA GENERAL
Nota general Sexto grado. Segundo ciclo educación básica.
504 ## - NOTA DE BIBLIOGRAFÍA, ETC.
Bibliography, etc Bibliografía p: 174
505 1# - NOTA DE CONTENIDO
Título Niveles de organización de la vida --
-- Las funciones vitales --
-- Cambios en la naturaleza y la vida --
-- La luz, fuente de energía para los seres vivos --
650 #4 - ENCABEZAMIENTO DE MATERIA--TEMÁTICO
Término temático o nombre geográfico como elemento de entrada CIENCIAS NATURALES
Subdivisión temática general ENSEÑANZA BÁSICA
650 #4 - ENCABEZAMIENTO DE MATERIA--TEMÁTICO
Término temático o nombre geográfico como elemento de entrada CIENCIAS NATURALES
Subdivisión temática general EDUCACIÓN PRIMARIA
650 #4 - ENCABEZAMIENTO DE MATERIA--TEMÁTICO
Término temático o nombre geográfico como elemento de entrada EDUCACIÓN PRIMARIA
Subdivisión temática general REPÚBLICA DOMINICANA
650 #4 - ENCABEZAMIENTO DE MATERIA--TEMÁTICO
Término temático o nombre geográfico como elemento de entrada CIENCIAS NATURALES
Subdivisión temática general LIBROS DE TEXTOS
650 #4 - ENCABEZAMIENTO DE MATERIA--TEMÁTICO
Término temático o nombre geográfico como elemento de entrada CIENCIAS NATURALES
Subdivisión temática general ESTUDIOS Y EJERCICIOS
700 12 - ASIENTO SECUNDARIO -- NOMBRE PERSONAL
Nombre personal Rincón Ozuna, Andrea Griselda
700 12 - ASIENTO SECUNDARIO -- NOMBRE PERSONAL
Nombre personal Rosa, María del Jesús de la
Mención de responsabilidad ed.
700 12 - ASIENTO SECUNDARIO -- NOMBRE PERSONAL
Nombre personal Cid, Henry
Mención de responsabilidad il.
910 ## - VALIDACIÓN
Validación Validado. Control de calidad MFF
942 ## - ADDED ENTRY ELEMENTS (KOHA)
Source of classification or shelving scheme Dewey Decimal Classification
Koha item type Libros
945 ## - INFORMACIÓN DE PROCESAMIENTO LOCAL
Información de procesamiento local Remanejado para la BNPHU / 2018 VM
956 ## - LOCAL ELECTRONIC LOCATION AND ACCESS (OCLC)
Nombre de host YLOCKWARD
Número de acceso 10
Existencias
Withdrawn status Lost status Source of classification or shelving scheme Damaged status Not for loan Home library Current library Date acquired Source of acquisition Total Checkouts Full call number Barcode Date last seen Price effective from Koha item type
    Dewey Decimal Classification     Biblioteca Pública Metropolitana Salomé Ureña Biblioteca Pública Metropolitana Salomé Ureña 04/21/2016 Donación   372.257 V335c 6to. 2014 v.1 BPMSU16040627 04/21/2016 04/21/2016 Libros
    Dewey Decimal Classification     Biblioteca Pública Metropolitana Salomé Ureña Biblioteca Pública Metropolitana Salomé Ureña 04/21/2016 Donación   372.257 V335c 6to. 2013-14 v.2 Libro del maestro BPMSU16040628 04/21/2016 04/21/2016 Libros